Open Data Biblioteca Nacional de Portugal


República Portuguesa: Ministério da Cultura
Biblioteca Nacional de Portugal

Catálogo da BNP: acesso por Identificadores Unívocos
Registos Bibliográficos associados ao registo de autoridade

Etiqueta de registo: 00000nam 2200025 450
001 2288684
003 http://id.bnportugal.gov.pt/bib/catbnp/2288684
100 ## $a20260624d2026 k y0pory01030103ba
101 0# $apor$deng
102 ## $aPT
105 ## $aa m 000yy
106 ## $ar
200 1# $aHabitação sustentável em bairros informais$eproposta de construção em terra para a Cidade da Praia, Cabo Verde$fFelisberto Lopes da Veiga Cortês$gorient. Manuel de Arriaga Brito Correia Guedes, Nuno Gonçalo Cordeiro Marques de Almeida, Elvis Dináti Chantre Lopes
210 #9 $aLisboa$c[s.n.],$d2026
215 ## $aXIII, 204 p.$cil.$d30 cm
328 #1 $aTese dout. Arquitetura, Instituto Superior Técnico, Universidade de Lisboa, 2026
700 #1 $aCortês,$bFelisberto Lopes da Veiga$32001504
702 #1 $aGuedes,$bManuel de Arriaga Brito Correia$4727$31247300
702 #1 $aAlmeida,$bNuno Gonçalo Cordeiro Marques de$4727$31212906
702 #1 $aLopes,$bElvis Dináti Chantre$4727$32001505
801 #0 $aPT$bBN$gRPC
966 ## $lBN$mFGMON$x1
971 ## $corlando$d20260624

OpendataBNP@bnportugal.pt | Mais informação sobre acesso aos dados BNP